[Event "C.to Italiano Semifinale"]
[Site "Torino ITA"]
[Date "2010.06.24"]
[Round "6"]
[White "Racioppo, Paolo"]
[Black "Cocchi, Andrea"]
[Result "1/2-1/2"]
[WhiteElo "2172"]
[BlackElo "2244"]
[PlyCount "63"]
[EventDate "2010.06.20"]

1. f4 c5 2. Nf3 g6 3. g3 Bg7 4. d3 Nc6 5. c3 d6 6. Bg2 Rb8 7. a4 e5 8. e4 Nge7
9. Na3 h6 10. Be3 b6 11. O-O O-O 12. Nc2 exf4 13. gxf4 d5 14. e5 Ba6 15. b4
cxb4 16. cxb4 Bc8 17. b5 Na5 18. Nfd4 Be6 19. Bd2 Nb7 20. Nb4 Na5 21. Rc1 Rc8
22. Nbc6 Naxc6 23. bxc6 Nf5 24. Nxf5 Bxf5 25. Bb4 Re8 26. Qb3 Be6 27. d4 Bf8
28. Bxf8 Rxf8 29. Rc3 Rc7 30. Rg3 Kh7 31. Rc1 Qh4 32. Rf1 1/2-1/2

[Event "C.to Italiano Semifinale"]
[Site "Torino ITA"]
[Date "2010.06.24"]
[Round "6"]
[White "Saccona, Silvano"]
[Black "De Florio, Federico"]
[Result "0-1"]
[WhiteElo "2230"]
[BlackElo "2171"]
[PlyCount "102"]
[EventDate "2010.06.20"]

1. d4 d5 2. Nf3 Nf6 3. c4 e6 4. Nc3 c6 5. cxd5 exd5 6. e3 Bd6 7. Qc2 Qe7 8. Be2
O-O 9. O-O Nbd7 10. Rd1 Ne4 11. Nxe4 dxe4 12. Nd2 Nf6 13. g3 Re8 14. Bf1 Bg4
15. Re1 h5 16. Bg2 Rad8 17. Nc4 Bb8 18. b3 h4 19. Bb2 Nd5 20. a3 Qe6 21. Nd2
Bf5 22. Nf1 Qh6 23. Ra2 Rd6 24. Bc1 Qh5 25. b4 a6 26. Rb2 Rh6 27. a4 hxg3 28.
fxg3 Bd6 29. Qc4 Be6 30. Qc2 Bxb4 31. Bd2 a5 32. Qxe4 Bd7 33. Qd3 Bxd2 34. Qxd2
Nb4 35. Rb3 Bh3 36. Rc3 Bxg2 37. Qxg2 b6 38. Rb3 Rd6 39. Rc3 Rxd4 40. Rec1 Rd1
41. g4 Qd5 42. Qg3 Rxc1 43. Rxc1 Qe5 44. Qxe5 Rxe5 45. Nd2 c5 46. Kg2 Kf8 47.
Kf3 Re6 48. h4 Nd3 49. Rb1 Ne5+ 50. Kf4 Ng6+ 51. Kf5 Re5# 0-1

[Event "C.to Italiano Semifinale"]
[Site "Torino ITA"]
[Date "2010.06.24"]
[Round "6"]
[White "Santeramo, Domenico"]
[Black "Brunello, Marina"]
[Result "1/2-1/2"]
[WhiteElo "1884"]
[BlackElo "2218"]
[PlyCount "40"]
[EventDate "2010.06.20"]

1. e4 c5 2. Nf3 d6 3. d4 cxd4 4. Nxd4 Nf6 5. Nc3 a6 6. Bc4 b5 7. Bb3 e6 8. O-O
Be7 9. Qf3 Qc7 10. Qg3 Nc6 11. Be3 Nxd4 12. Bxd4 O-O 13. Rfe1 b4 14. Na4 e5 15.
Bb6 Qb7 16. f3 Be6 17. Rad1 Rac8 18. Qf2 Bxb3 19. axb3 d5 20. exd5 Nxd5 1/2-1/2

[Event "C.to Italiano Semifinale"]
[Site "Torino ITA"]
[Date "2010.06.24"]
[Round "6"]
[White "Sibilio, Mario"]
[Black "Mogranzini, Roberto"]
[Result "1/2-1/2"]
[WhiteElo "2362"]
[BlackElo "2405"]
[PlyCount "54"]
[EventDate "2010.06.20"]

1. Nf3 Nf6 2. b3 g6 3. Bb2 Bg7 4. g3 O-O 5. Bg2 d6 6. c4 e5 7. d3 Nc6 8. Qc1
Nh5 9. Nc3 f5 10. h3 h6 11. Nd2 Be6 12. Rb1 a5 13. Nd5 Nf6 14. a3 Nd7 15. Bc3
Bf7 16. b4 axb4 17. axb4 Nd4 18. Bb2 c6 19. Nc3 h5 20. e3 Ne6 21. Qd1 Nf6 22.
Nf3 f4 23. O-O fxe3 24. fxe3 Qb6 25. Bc1 Nh7 26. b5 Qc7 27. Nh4 Nhg5 1/2-1/2

[Event "C.to Italiano Semifinale"]
[Site "Torino ITA"]
[Date "2010.06.24"]
[Round "6"]
[White "Spinelli, Doriano"]
[Black "Grinza, Andrea"]
[Result "1/2-1/2"]
[WhiteElo "2112"]
[BlackElo "2255"]
[PlyCount "68"]
[EventDate "2010.06.20"]

1. e4 c6 2. d3 d5 3. Nd2 e5 4. Ngf3 Bd6 5. Be2 Nd7 6. c3 Ngf6 7. O-O O-O 8. Qc2
Re8 9. Re1 Qb6 10. Nf1 Ng4 11. Ne3 dxe4 12. dxe4 Ndf6 13. h3 Nxe3 14. Bxe3 Bc5
15. Bc4 Bxe3 16. Rxe3 h6 17. Rd1 Qc7 18. a4 Be6 19. Bxe6 Rxe6 20. Red3 Rae8 21.
Nd2 Qe7 22. Nc4 Nxe4 23. Rd7 Qh4 24. Ne3 Rg6 25. Nf5 Qf4 26. Ne7+ Rxe7 27. Rxe7
Qf3 28. Re8+ Kh7 29. g4 f5 30. Rdd8 Rg5 31. Rxe5 Qxh3 32. Rxe4 fxe4 33. Qxe4+
Rg6 34. Rh8+ Kxh8 1/2-1/2

[Event "C.to Italiano Semifinale"]
[Site "Torino ITA"]
[Date "2010.06.24"]
[Round "6"]
[White "Valsecchi, Alessio"]
[Black "Rombaldoni, Axel"]
[Result "0-1"]
[WhiteElo "2370"]
[BlackElo "2436"]
[PlyCount "94"]
[EventDate "2010.06.20"]

1. d4 Nf6 2. Nf3 g6 3. c4 Bg7 4. g3 c6 5. Bg2 O-O 6. O-O d5 7. cxd5 cxd5 8. Ne5
Nc6 9. Nc3 Qb6 10. Na4 Qa5 11. Bd2 Qb5 12. Nc3 Qb6 13. e3 Rd8 14. Na4 Qc7 15.
Rc1 Ne4 16. Nxc6 bxc6 17. Nc5 Nxd2 18. Qxd2 e5 19. dxe5 Qxe5 20. Nd3 Qf6 21.
Nb4 Bb7 22. Rfd1 a5 23. Nd3 h5 24. Rc5 a4 25. Ra5 Ba6 26. b3 axb3 27. axb3 Bb5
28. Nf4 Qc3 29. Qxc3 Bxc3 30. Rxb5 cxb5 31. Bxd5 Kg7 32. Rd3 Ra1+ 33. Kg2 Be5
34. Nh3 f6 35. f4 Ra2+ 36. Nf2 Bc3 37. Kf1 Rd2 38. Rxd2 Bxd2 39. e4 Be3 40. Nd3
Rc8 41. Ke2 Bg1 42. h3 Rc2+ 43. Ke1 Rg2 44. f5 g5 45. Nc1 Bh2 46. Ne2 Bxg3+ 47.
Kd1 Be5 0-1

[Event "C.to Italiano Semifinale"]
[Site "Torino ITA"]
[Date "2010.06.24"]
[Round "6"]
[White "Vezzosi, Paolo"]
[Black "Damia, Angelo"]
[Result "1/2-1/2"]
[WhiteElo "2367"]
[BlackElo "2281"]
[PlyCount "128"]
[EventDate "2010.06.20"]

1. d4 d5 2. Nf3 Nf6 3. c4 c6 4. Nc3 dxc4 5. a4 Bf5 6. e3 e6 7. Bxc4 Bb4 8. O-O
Nbd7 9. Qe2 Bg6 10. Rd1 Qa5 11. Nd2 Bxc3 12. Nb3 Qh5 13. bxc3 Qxe2 14. Bxe2 Bc2
15. Na5 Bxd1 16. Bxd1 O-O-O 17. c4 Kc7 18. Bf3 e5 19. Rb1 Rb8 20. Bb2 e4 21.
Be2 b6 22. Nb3 a6 23. Bc3 Rb7 24. Rd1 Kb8 25. f3 Re8 26. Kf2 Nf8 27. Bb4 Rd7
28. a5 b5 29. Nc5 Ra7 30. Nxe4 Nxe4+ 31. fxe4 Kc7 32. e5 bxc4 33. Bxc4 Ne6 34.
Bd6+ Kd7 35. Rb1 f6 36. Rb6 Nc7 37. e4 Nb5 38. Bc5 Nc3 39. Bf7 Nxe4+ 40. Ke3
Rxe5 41. dxe5 Nxc5 42. Kd4 Nb7 43. exf6 gxf6 44. Bc4 Nxa5 45. Rxa6 Nb3+ 46. Ke3
Rxa6 47. Bxa6 Kd6 48. Bd3 h6 49. Kf4 Nd4 50. g3 Kd5 51. Be4+ Ke6 52. Bd3 f5 53.
g4 fxg4 54. Kxg4 Kf6 55. Kh5 Kg7 56. Kg4 c5 57. Kf4 Kf6 58. Ke4 Kg5 59. Kd5 Nf3
60. Kxc5 Nxh2 61. Kd4 Kf4 62. Bg6 Nf3+ 63. Kc3 Ne5 64. Be8 Nf7 1/2-1/2

[Event "C.to Italiano Semifinale"]
[Site "Torino ITA"]
[Date "2010.06.25"]
[Round "7"]
[White "Cocchi, Andrea"]
[Black "Sibilio, Mario"]
[Result "1/2-1/2"]
[WhiteElo "2244"]
[BlackElo "2362"]
[PlyCount "22"]
[EventDate "2010.06.20"]

1. Nf3 Nf6 2. c4 e6 3. d4 a6 4. Nc3 c5 5. e3 d5 6. a3 dxc4 7. dxc5 Qxd1+ 8.
Kxd1 Bxc5 9. Bxc4 b5 10. Bd3 Nbd7 11. Ke2 Bb7 1/2-1/2

[Event "C.to Italiano Semifinale"]
[Site "Torino ITA"]
[Date "2010.06.25"]
[Round "7"]
[White "Contin, Daniel"]
[Black "Fassio, Luca"]
[Result "1-0"]
[WhiteElo "2307"]
[BlackElo "2050"]
[PlyCount "127"]
[EventDate "2010.06.20"]

1. c4 g6 2. Nc3 Bg7 3. g3 e5 4. Bg2 Ne7 5. Rb1 d6 6. d3 O-O 7. Nf3 Nd7 8. O-O
f5 9. Ng5 Nf6 10. f4 c6 11. c5 exf4 12. Bxf4 d5 13. Qb3 h6 14. Nf3 Kh7 15. Be5
b6 16. Na4 b5 17. Nc3 a5 18. e3 Be6 19. Ne2 Ng4 20. Bxg7 Kxg7 21. Qc3+ Kh7 22.
Ned4 Bd7 23. Rbe1 Qc7 24. Kh1 Rae8 25. Bh3 Nf6 26. Ne2 Neg8 27. Qd4 Re7 28. Nh4
Qe5 29. Qxe5 Rxe5 30. Nf4 Be8 31. Nf3 Re7 32. d4 Ne4 33. Nd3 Ngf6 34. Nfe5 Kg7
35. Re2 Ra7 36. a4 b4 37. Kg1 Rc7 38. Rd1 Ra7 39. Ree1 Rc7 40. Bf1 Ra7 41. Nc1
Ra8 42. Be2 Ra7 43. Kg2 Ra8 44. Rf1 Rc8 45. Nb3 Ra8 46. Rf4 Ng5 47. h3 Nge4 48.
Rdf1 Bd7 49. Bd3 Be8 50. g4 fxg4 51. hxg4 g5 52. Rf5 Bg6 53. Bxe4 dxe4 54. R5f2
Nd5 55. Rxf8 Nxe3+ 56. Kg3 Rxf8 57. Rxf8 Kxf8 58. Nxg6+ Ke8 59. Nxa5 Nd1 60.
Nc4 e3 61. Kf3 h5 62. gxh5 g4+ 63. Ke2 g3 64. Nf4 1-0

[Event "C.to Italiano Semifinale"]
[Site "Torino ITA"]
[Date "2010.06.25"]
[Round "7"]
[White "Damia, Angelo"]
[Black "Valsecchi, Alessio"]
[Result "0-1"]
[WhiteElo "2281"]
[BlackElo "2370"]
[PlyCount "80"]
[EventDate "2010.06.20"]

1. d4 g6 2. e4 Bg7 3. Nc3 c6 4. Bc4 d6 5. Qf3 e6 6. Bf4 b5 7. Bb3 a5 8. a3 Na6
9. d5 a4 10. Ba2 b4 11. axb4 Nxb4 12. Bb3 Ne7 13. Rxa4 Rxa4 14. Bxa4 O-O 15.
dxc6 Nexc6 16. Nge2 Bb7 17. O-O e5 18. Bc1 f5 19. Nd5 fxe4 20. Qb3 Nd4 21. Ne7+
Kh8 22. Nxg6+ hxg6 23. Nxd4 exd4 24. Qxb4 Ba6 25. Qb3 Qh4 26. g3 Qh3 27. Bb5
Rb8 28. Bxa6 Rxb3 29. cxb3 Qe6 30. b4 Qb3 31. b5 d5 32. Bf4 Qxb2 33. Bc7 d3 34.
b6 Bd4 35. b7 Ba7 36. Bf4 Qb6 37. Be3 Qxa6 38. Rb1 Bb8 39. Bf4 Qa2 40. Rc1 d2
0-1

[Event "C.to Italiano Semifinale"]
[Site "Torino ITA"]
[Date "2010.06.25"]
[Round "7"]
[White "De Florio, Federico"]
[Black "Bentivegna, Francesco"]
[Result "1/2-1/2"]
[WhiteElo "2171"]
[BlackElo "2343"]
[PlyCount "93"]
[EventDate "2010.06.20"]

1. d4 Nf6 2. Nf3 d5 3. e3 c5 4. c3 Nbd7 5. Nbd2 g6 6. Bd3 Bg7 7. O-O O-O 8. Re1
b6 9. e4 cxd4 10. cxd4 dxe4 11. Nxe4 Bb7 12. Bd2 Nxe4 13. Bxe4 Bxe4 14. Rxe4
Nf6 15. Re1 Qd7 16. Rc1 Rac8 17. Qb3 e6 18. h3 Rxc1 19. Rxc1 Rc8 20. Rc4 Rxc4
21. Qxc4 b5 22. Qc2 h6 23. Bf4 Nd5 24. Be5 Nb6 25. Bxg7 Kxg7 26. b3 Nd5 27. Qc5
a5 28. Ne5 Qb7 29. Nc6 a4 30. Qd6 Qc7 31. Qc5 axb3 32. axb3 b4 33. g3 g5 34.
Kg2 h5 35. Ne5 Qxc5 36. dxc5 Kf6 37. Nd3 e5 38. Kf3 Ke6 39. g4 hxg4+ 40. hxg4
f5 41. gxf5+ Kxf5 42. Kg3 Ke4 43. Nb2 Kd4 44. Na4 Nc7 45. Kg4 Kd5 46. Kxg5 Nb5
47. Kf6 1/2-1/2

[Event "C.to Italiano Semifinale"]
[Site "Torino ITA"]
[Date "2010.06.25"]
[Round "7"]
[White "De Nisi, Roberta"]
[Black "Brunello, Marina"]
[Result "0-1"]
[WhiteElo "1916"]
[BlackElo "2218"]
[PlyCount "76"]
[EventDate "2010.06.20"]

1. d4 Nf6 2. c4 e6 3. Nc3 c5 4. d5 exd5 5. cxd5 d6 6. e4 g6 7. f3 a6 8. a4 Bg7
9. Bd3 Nbd7 10. Nge2 O-O 11. O-O Re8 12. Ng3 Ne5 13. Bc2 Rb8 14. h3 b5 15. axb5
axb5 16. f4 Ned7 17. Be3 b4 18. Nce2 Qc7 19. Bf2 Bb7 20. Bd3 Ra8 21. Qd2 Qc8
22. Rxa8 Qxa8 23. b3 Qc8 24. Rc1 Qd8 25. Kh2 h5 26. Qc2 Qe7 27. e5 dxe5 28. Ne4
Nxe4 29. Bxe4 exf4 30. Bf3 Ne5 31. Nxf4 Nxf3+ 32. gxf3 Qd6 33. Bg3 h4 34. Qxc5
hxg3+ 35. Kxg3 Be5 36. Qxd6 Bxd6 37. h4 Re3 38. Kg4 Kg7 0-1

[Event "C.to Italiano Semifinale"]
[Site "Torino ITA"]
[Date "2010.06.25"]
[Round "7"]
[White "Di Paolo, Raffaele"]
[Black "Racioppo, Paolo"]
[Result "1-0"]
[WhiteElo "2343"]
[BlackElo "2172"]
[PlyCount "99"]
[EventDate "2010.06.20"]

1. e4 c5 2. Nf3 a6 3. c3 d6 4. d4 Nd7 5. Bd3 e6 6. O-O Be7 7. Qe2 b6 8. a3 Bb7
9. Rd1 g5 10. h3 h5 11. Nh2 Bf6 12. Nd2 Ne7 13. e5 dxe5 14. Ne4 Bxe4 15. Bxe4
exd4 16. cxd4 cxd4 17. Bxa8 Qxa8 18. Nf3 Qd5 19. Bxg5 Nf5 20. Bxf6 Nxf6 21.
Rac1 O-O 22. Qe5 Qxe5 23. Nxe5 Nd5 24. Nf3 Nf4 25. Kf1 Rd8 26. g3 Ng6 27. g4
hxg4 28. hxg4 Ngh4 29. Ne5 Ne7 30. Rc7 Nhg6 31. Rd7 Rxd7 32. Nxd7 e5 33. Nxb6
Kg7 34. Nd7 f6 35. Rc1 Kf7 36. Nc5 a5 37. Rc4 Nf4 38. Ke1 Kg6 39. f3 Ned5 40.
Ra4 Kg5 41. Ne4+ Kh4 42. Rxa5 Kh3 43. Kf2 Kh2 44. Rxd5 Nxd5 45. a4 Nb4 46. Nxf6
Nd3+ 47. Ke2 Nxb2 48. g5 Nxa4 49. g6 d3+ 50. Kd2 1-0

[Event "C.to Italiano Semifinale"]
[Site "Torino ITA"]
[Date "2010.06.25"]
[Round "7"]
[White "Dvirnyy, Danyyil"]
[Black "Bove, Alessandro"]
[Result "1/2-1/2"]
[WhiteElo "2459"]
[BlackElo "2346"]
[PlyCount "35"]
[EventDate "2010.06.20"]

1. d4 Nf6 2. c4 c5 3. d5 g6 4. Nc3 Bg7 5. e4 d6 6. Bd3 O-O 7. Nf3 e6 8. h3 exd5
9. cxd5 b5 10. Bxb5 Nxe4 11. Nxe4 Qa5+ 12. Nfd2 Qxb5 13. Nxd6 Qa6 14. N2c4 Nd7
15. O-O Ne5 16. Nxc8 Raxc8 17. Nxe5 Bxe5 18. Re1 1/2-1/2

[Event "C.to Italiano Semifinale"]
[Site "Torino ITA"]
[Date "2010.06.25"]
[Round "7"]
[White "Iudicello, Massimo"]
[Black "Molina, Fabrizio"]
[Result "1-0"]
[WhiteElo "2160"]
[BlackElo "2211"]
[PlyCount "73"]
[EventDate "2010.06.20"]

1. e4 e6 2. d3 d5 3. Nd2 Nf6 4. g3 Bc5 5. Bg2 e5 6. Ngf3 dxe4 7. dxe4 O-O 8.
O-O Nc6 9. c3 a5 10. Qc2 Qe7 11. h3 a4 12. Nc4 Nh5 13. Kh2 b6 14. Ne3 Bxe3 15.
Bxe3 Be6 16. Nd2 Rfd8 17. Qd1 Nf6 18. f4 Rd3 19. Qe2 Rad8 20. f5 Bc8 21. Rfe1
a3 22. Nb3 axb2 23. Qxb2 Qd6 24. Bf1 Ba6 25. Bxd3 Bxd3 26. Bg5 Nxe4 27. Bxd8
Nxd8 28. Qg2 Nxc3 29. Rac1 Nb5 30. Rcd1 c5 31. Nc1 c4 32. Nxd3 cxd3 33. Qe4 Nd4
34. Rxd3 N8c6 35. Rc1 Qh6 36. Rxc6 Qxc6 37. Rxd4 1-0

[Event "C.to Italiano Semifinale"]
[Site "Torino ITA"]
[Date "2010.06.25"]
[Round "7"]
[White "La Manna, Andrea"]
[Black "Fabbri, Mario"]
[Result "0-1"]
[WhiteElo "2229"]
[BlackElo "2190"]
[PlyCount "100"]
[EventDate "2010.06.20"]

1. d4 d5 2. c4 c6 3. Nc3 Nf6 4. cxd5 cxd5 5. f3 Qa5 6. Qd3 e6 7. e4 dxe4 8.
fxe4 Bb4 9. Bd2 e5 10. d5 O-O 11. Nf3 Nbd7 12. a3 Nc5 13. Qc4 Bxc3 14. Bxc3 Qb6
15. Nd2 Ncxe4 16. Nxe4 Qe3+ 17. Qe2 Qxe4 18. Qxe4 Nxe4 19. Bb4 Rd8 20. Bd3 Nd6
21. O-O Bg4 22. h3 Bh5 23. g4 Bg6 24. Bxg6 hxg6 25. Rac1 Rac8 26. Rxc8 Nxc8 27.
Rc1 Nb6 28. d6 Nd5 29. Bc5 b6 30. Rd1 bxc5 31. Rxd5 f6 32. Kf1 c4 33. Ke2 Kf7
34. Ra5 Rd7 35. Rc5 Ke6 36. Rxc4 Kxd6 37. Ra4 Kc6 38. Ra6+ Kb5 39. Re6 g5 40.
b3 Kc5 41. Ke3 Kd5 42. Ra6 Rc7 43. Ra5+ Rc5 44. Rxa7 Rc3+ 45. Kf2 Rxb3 46. Kg2
Ke4 47. Ra4+ Ke3 48. Ra7 Kf4 49. a4 Rb2+ 50. Kf1 Kf3 0-1

[Event "C.to Italiano Semifinale"]
[Site "Torino ITA"]
[Date "2010.06.25"]
[Round "7"]
[White "Mogranzini, Roberto"]
[Black "Brunello, Sabino"]
[Result "1/2-1/2"]
[WhiteElo "2405"]
[BlackElo "2467"]
[PlyCount "95"]
[EventDate "2010.06.20"]

1. c4 Nf6 2. g3 e6 3. Bg2 d5 4. Nf3 dxc4 5. Qa4+ c6 6. Qxc4 b5 7. Qc2 Bb7 8. d4
Nbd7 9. Ne5 Qb6 10. Be3 c5 11. Nxd7 Nxd7 12. Bxb7 Qxb7 13. O-O Rc8 14. Rc1 c4
15. a4 b4 16. Nd2 c3 17. a5 Nf6 18. Bg5 Nd5 19. e4 Be7 20. Bxe7 Nxe7 21. bxc3
bxc3 22. Qa4+ Kf8 23. a6 Qa8 24. Nc4 Rd8 25. Rxc3 Qxe4 26. Qb4 Qxd4 27. Rcc1 g6
28. Rd1 Qxd1+ 29. Rxd1 Rxd1+ 30. Kg2 h5 31. Ne5 Rd5 32. Nc6 Rd7 33. Ne5 Rd5 34.
Nc6 Rd7 35. h4 f6 36. Nxa7 Kg7 37. Nb5 Ra8 38. a7 Raxa7 39. Nxa7 Rxa7 40. Qb6
Rd7 41. Qxe6 Ra7 42. Kh3 Nf5 43. Qb6 Re7 44. Kg2 Re5 45. Kh3 Re7 46. Kg2 Re5
47. Qa7+ Re7 48. Qb6 1/2-1/2

[Event "C.to Italiano Semifinale"]
[Site "Torino ITA"]
[Date "2010.06.25"]
[Round "7"]
[White "Ricci, Marco"]
[Black "Cardani, Roberto"]
[Result "1-0"]
[WhiteElo "2094"]
[BlackElo "1998"]
[PlyCount "73"]
[EventDate "2010.06.20"]

1. e4 c5 2. Nf3 d6 3. d4 cxd4 4. Nxd4 Nf6 5. Nc3 a6 6. Be2 e5 7. Nb3 Be7 8. O-O
O-O 9. Be3 Be6 10. Qd2 Nbd7 11. f4 exf4 12. Rxf4 Ne5 13. Nd4 Rc8 14. Nf5 Nc4
15. Bxc4 Rxc4 16. Qd3 b5 17. b3 Rc8 18. Bd4 Nh5 19. Rf3 Bf6 20. Raf1 Be5 21.
Nd5 Bxd5 22. exd5 Qf6 23. Bxe5 dxe5 24. d6 Qe6 25. Ne7+ Kh8 26. Nxc8 e4 27.
Rxf7 Rxf7 28. Rxf7 Qxf7 29. Qxe4 Nf6 30. Qe7 Qxe7 31. Nxe7 g6 32. Nd5 Nd7 33.
Kf2 Kg7 34. Nc7 Nc5 35. Ke3 Kf7 36. Kd4 Nb7 37. Kd5 1-0

[Event "C.to Italiano Semifinale"]
[Site "Torino ITA"]
[Date "2010.06.25"]
[Round "7"]
[White "Rombaldoni, Denis"]
[Black "Genocchio, Daniele"]
[Result "1-0"]
[WhiteElo "2484"]
[BlackElo "2438"]
[PlyCount "61"]
[EventDate "2010.06.20"]

1. d4 Nf6 2. c4 d6 3. Nc3 e5 4. d5 Be7 5. e4 Nbd7 6. Be3 h5 7. f3 h4 8. Bd3 Nh5
9. Nge2 Bg5 10. Qd2 Bxe3 11. Qxe3 c5 12. dxc6 bxc6 13. O-O-O Nc5 14. g4 Qb6 15.
Qd2 Rb8 16. b3 Nf6 17. Bc2 O-O 18. Qxd6 Re8 19. g5 Nh5 20. g6 f6 21. Qd2 a5 22.
Qe1 a4 23. Qxh4 axb3 24. Qxh5 Be6 25. axb3 Nxb3+ 26. Bxb3 Qxb3 27. Qh7+ Kf8 28.
Qh8+ Bg8 29. Rd7 Qa3+ 30. Kc2 Re7 31. Rb1 1-0

[Event "C.to Italiano Semifinale"]
[Site "Torino ITA"]
[Date "2010.06.25"]
[Round "7"]
[White "Rota, Simone"]
[Black "Saccona, Silvano"]
[Result "1-0"]
[WhiteElo "2019"]
[BlackElo "2230"]
[PlyCount "117"]
[EventDate "2010.06.20"]

1. d4 d5 2. c4 e6 3. Nf3 Nf6 4. e3 Be7 5. Bd3 O-O 6. O-O c5 7. cxd5 exd5 8. Nc3
Nc6 9. h3 b6 10. Bd2 Bb7 11. Rc1 Qb8 12. dxc5 bxc5 13. Na4 c4 14. Bb1 Ne5 15.
Nd4 Re8 16. Ba5 Bd8 17. Bb4 Bc8 18. Bd2 Bd7 19. Nc5 Qxb2 20. f4 Ng6 21. Nxd7
Nxd7 22. Bc3 Qa3 23. Nf5 Nf6 24. Bxf6 Bxf6 25. Qxd5 c3 26. Bc2 Rad8 27. Qc4 Rc8
28. Qd5 Red8 29. Qb7 Rb8 30. Qc7 Qxa2 31. Bb1 Qa3 32. e4 Rdc8 33. Qd7 Nxf4 34.
Rce1 Qc5+ 35. Kh1 Rc7 36. Qa4 Qe5 37. Bc2 Nh5 38. Rf3 Qb5 39. Qxb5 Rxb5 40. g4
Rb2 41. Re2 Bg5 42. gxh5 Bd2 43. Rd3 h6 44. Rg2 f6 45. Rd8+ Kh7 46. Bd3 Bg5 47.
e5 fxe5 48. Nd4+ g6 49. hxg6+ Kg7 50. Ne6+ Kf6 51. Nxc7 Rb7 52. Nd5+ Kg7 53.
Nxc3 Bxd8 54. Ne4 Be7 55. Ng3 Bg5 56. Nh5+ Kf8 57. g7+ Rxg7 58. Nxg7 Kxg7 59.
h4 1-0

[Event "C.to Italiano Semifinale"]
[Site "Torino ITA"]
[Date "2010.06.25"]
[Round "7"]
[White "Velluti, Alberto"]
[Black "Spinelli, Doriano"]
[Result "0-1"]
[WhiteElo "1932"]
[BlackElo "2112"]
[PlyCount "90"]
[EventDate "2010.06.20"]

1. e4 d5 2. exd5 Nf6 3. d4 Bg4 4. Nf3 Qxd5 5. Be2 Nc6 6. h3 Bh5 7. O-O O-O-O 8.
c4 Qd7 9. d5 Bxf3 10. Bxf3 Ne5 11. Qb3 Nxf3+ 12. Qxf3 e6 13. dxe6 Qxe6 14. Bf4
Bd6 15. Na3 Qf5 16. Bxd6 Qxf3 17. gxf3 Rxd6 18. Nb5 Rd2 19. Nxa7+ Kb8 20. Nb5
c6 21. Nc3 Rxb2 22. Ne4 Nxe4 23. fxe4 Re8 24. f3 Rd8 25. Rf2 Rdd2 26. Rxd2 Rxd2
27. e5 Re2 28. Kf1 Rxe5 29. Re1 Rf5 30. Kf2 Ra5 31. Re7 Rxa2+ 32. Kg3 b5 33.
cxb5 cxb5 34. Rxf7 Ra7 35. Rf5 Rb7 36. Rc5 Ka7 37. Kg4 Kb6 38. Rc1 b4 39. Kg3
Kb5 40. h4 b3 41. h5 Rb6 42. f4 Kb4 43. f5 b2 44. Re1 Kb3 45. Re3+ Ka2 0-1

[Event "C.to Italiano Semifinale"]
[Site "Torino ITA"]
[Date "2010.06.25"]
[Round "7"]
[White "Vezzosi, Paolo"]
[Black "Manfredi, Vincenzo"]
[Result "0-1"]
[WhiteElo "2367"]
[BlackElo "2172"]
[PlyCount "66"]
[EventDate "2010.06.20"]

1. d4 Nf6 2. Nf3 g6 3. Bg5 Bg7 4. Nbd2 O-O 5. e4 d6 6. c3 c5 7. dxc5 dxc5 8.
Bc4 Nc6 9. O-O Qc7 10. Qe2 h6 11. Bh4 Nh5 12. Rfe1 Na5 13. Bb5 a6 14. Ba4 b5
15. Bc2 e5 16. Qe3 Be6 17. Bd3 c4 18. Bf1 g5 19. Bg3 Nf4 20. b4 cxb3 21. axb3
Nxb3 22. Nxb3 Bxb3 23. h4 g4 24. Nd2 Be6 25. Rec1 Rfd8 26. Rab1 Bf8 27. Nb3
Bxb3 28. Rxb3 Bc5 29. Qe1 Qd7 30. Ra1 Qe6 31. Rab1 Nd3 32. Qe2 Rd6 33. h5 Rad8
0-1

[Event "C.to Italiano Semifinale"]
[Site "Torino ITA"]
[Date "2010.06.26"]
[Round "8"]
[White "Bentivegna, Francesco"]
[Black "Sbarra, Marco"]
[Result "1/2-1/2"]
[WhiteElo "2343"]
[BlackElo "2309"]
[PlyCount "46"]
[EventDate "2010.06.20"]

1. d4 d5 2. Nc3 Nf6 3. Bg5 Bf5 4. Bxf6 exf6 5. e3 Bb4 6. Bd3 Be6 7. Nge2 f5 8.
a3 Bd6 9. Nf4 c6 10. Qf3 Nd7 11. h4 Nf6 12. O-O-O Qe7 13. Nce2 g6 14. Kb1 O-O-O
15. Nxe6 fxe6 16. c4 e5 17. dxe5 Bxe5 18. Nf4 Rhe8 19. cxd5 Nxd5 20. Nxd5 Rxd5
21. Bc4 Rxd1+ 22. Qxd1 Bf6 23. g3 Qe4+ 1/2-1/2

[Event "C.to Italiano Semifinale"]
[Site "Torino ITA"]
[Date "2010.06.26"]
[Round "8"]
[White "Bove, Alessandro"]
[Black "Rombaldoni, Axel"]
[Result "0-1"]
[WhiteElo "2346"]
[BlackElo "2436"]
[PlyCount "130"]
[EventDate "2010.06.20"]

1. d4 Nf6 2. Nf3 g6 3. c4 Bg7 4. Nc3 d5 5. Qb3 c6 6. cxd5 cxd5 7. Bg5 O-O 8.
Bxf6 exf6 9. Qxd5 Qe7 10. e3 Be6 11. Qb5 a6 12. Qd3 f5 13. Be2 Nc6 14. O-O Rad8
15. Rad1 f4 16. Rfe1 Nb4 17. Qb1 fxe3 18. fxe3 Bg4 19. Bf1 Rfe8 20. a3 Nd5 21.
Nxd5 Rxd5 22. e4 Rxd4 23. Nxd4 Bxd1 24. Qxd1 Qc5 25. Kh1 Bxd4 26. Qa4 Re7 27.
b3 Bc3 28. Rd1 Qh5 29. Rd8+ Kg7 30. Qc4 Be5 31. h3 Rc7 32. Qd3 Qg5 33. Rd5 Qf4
34. Kg1 Rc3 35. Qd2 Qh2+ 36. Kf2 Rxb3 37. Qg5 Bf4 38. Qg4 h5 39. Qd1 Be3+ 40.
Ke2 Rxa3 41. Rd3 Rxd3 42. Qxd3 Bb6 43. Qc3+ Kh7 44. Qb3 Qc7 45. Kd1 Qf4 46. Be2
Ba5 47. Qd5 b5 48. Kc2 Qf2 49. Kd3 h4 50. e5 Qf5+ 51. Qe4 Qg5 52. Kc2 Qd2+ 53.
Kb3 Qc3+ 54. Ka2 Qd2+ 55. Kb3 Bc3 56. Qc2 Qe3 57. Qd3 Qxe5 58. Bf3 Be1 59. Ka2
Kg7 60. Bd5 Bg3 61. Qf3 Qc7 62. Bb3 Be5 63. Qd5 Qc3 64. Qxf7+ Kh6 65. Qf8+ Kg5
0-1

[Event "C.to Italiano Semifinale"]
[Site "Torino ITA"]
[Date "2010.06.26"]
[Round "8"]
[White "Brunello, Marina"]
[Black "Damia, Angelo"]
[Result "1/2-1/2"]
[WhiteElo "2218"]
[BlackElo "2281"]
[PlyCount "87"]
[EventDate "2010.06.20"]

1. e4 c5 2. c3 d6 3. d4 Nf6 4. Bd3 e5 5. Nf3 Nc6 6. dxe5 dxe5 7. O-O Bd6 8. Na3
a6 9. Nc4 Bc7 10. a4 Be6 11. Ne3 h6 12. Qe2 Qe7 13. Re1 Rd8 14. Nf5 Qf8 15. Ng3
Qd6 16. Bc4 Bxc4 17. Qxc4 Na5 18. Qe2 Nb3 19. Rb1 Qd3 20. Be3 Qxe2 21. Rxe2 g6
22. Nd2 Nxd2 23. Rxd2 Rxd2 24. Bxd2 Kd7 25. Be3 c4 26. f3 Kc6 27. Nf1 b5 28.
axb5+ axb5 29. b3 cxb3 30. Rxb3 Nd7 31. c4 bxc4 32. Rb4 Nb6 33. Nd2 c3 34. Nc4
Rb8 35. Nxb6 Bxb6 36. Bxb6 Rxb6 37. Rc4+ Kd6 38. Rxc3 Rb2 39. h4 h5 40. Rd3+
Ke6 41. Ra3 Rd2 42. Ra6+ Rd6 43. Ra8 Kf6 44. Re8 1/2-1/2

[Event "C.to Italiano Semifinale"]
[Site "Torino ITA"]
[Date "2010.06.26"]
[Round "8"]
[White "Cardani, Roberto"]
[Black "Nikolajevic, Tihomir"]
[Result "1-0"]
[WhiteElo "1998"]
[BlackElo "1914"]
[PlyCount "101"]
[EventDate "2010.06.20"]

1. e4 c5 2. Nf3 e6 3. d4 cxd4 4. Nxd4 Nf6 5. Nc3 d6 6. Be2 Be7 7. O-O O-O 8. f4
Nc6 9. Be3 Bd7 10. Nb3 a6 11. a4 Qc7 12. Kh1 b6 13. g4 Bc8 14. g5 Ne8 15. Bf3
Bb7 16. Qd2 Nd8 17. Qf2 Rc8 18. Bxb6 Qb8 19. a5 f6 20. Qd2 Nc7 21. Nd4 Qa8 22.
Bg2 f5 23. exf5 Bxg2+ 24. Qxg2 Qxg2+ 25. Kxg2 e5 26. Bxc7 Rxc7 27. Nd5 Rb7 28.
Nxe7+ Rxe7 29. fxe5 Rxe5 30. b4 Re4 31. c3 Re3 32. Rf3 Re4 33. Rd1 Rfe8 34. Kg3
R8e7 35. h4 Rc7 36. Rdf1 Rf7 37. Rf4 Re3+ 38. R1f3 Rfe7 39. f6 gxf6 40. gxf6
Rf7 41. Nf5 Re6 42. Nh6+ Kf8 43. Nxf7 Nxf7 44. Rc4 Ne5 45. Rc8+ Kf7 46. Rc7+
Kf8 47. Rf5 Ng6 48. f7 Ne7 49. Rf3 Rg6+ 50. Kf2 Rg4 51. Rxe7 1-0